Statistics for SC Freiburg 22/23 squad

Click here to take the quiz!

General Stats

  • This quiz has been taken 74 times
    (49 since last reset)
  • The average score is 20 of 27

Answer Stats

#Player% Correct
26Mark Flekken
95%
30Christian Günter
93%
CoachChristian Streich
90%
9Lucas Höler
90%
28Matthias Ginter
90%
38Michael Gregoritsch
88%
32Vincenzo Grifo
88%
8Maximilian Eggestein
85%
27Nicolas Höfler
85%
3Philipp Lienhart
85%
42Ritsu Doan
85%
17Lukas Kübler
83%
22Roland Sallai
83%
18Nils Petersen
80%
5Manuel Gulde
75%
7Jonathan Schmid
73%
33Noah Weißhaupt
73%
14Yannik Keitel
73%
1Benjamin Uphoff
65%
25Kiliann Sildillia
65%
29Woo-yeong Jeong
65%
21Noah Atubolu
63%
35Kenneth Schmidt
58%
11Daniel-Kofi Kyereh
53%
34Merlin Röhl
53%
23Robert Wagner
53%
24Kimberly Ezekwem
30%

Score Distribution

Percentile by Number Answered

Percent of People with Each Score

Your Score History

You have not taken this quiz since the last reset